<?xml version="1.0" encoding="UTF-8"?>
<record
    xmlns:xsi="http://www.w3.org/2001/XMLSchema-instance"
    xsi:schemaLocation="http://www.loc.gov/MARC21/slim http://www.loc.gov/standards/marcxml/schema/MARC21slim.xsd"
    xmlns="http://www.loc.gov/MARC21/slim">

  <leader>00836nam a22002417a 4500</leader>
  <datafield tag="952" ind1=" " ind2=" ">
    <subfield code="a">0001</subfield>
    <subfield code="b">0001</subfield>
    <subfield code="d">2019-07-02</subfield>
    <subfield code="l">0</subfield>
    <subfield code="o">320.9561 T94y 2010</subfield>
    <subfield code="p">019250</subfield>
    <subfield code="r">2019-07-02 00:00:00</subfield>
    <subfield code="w">2019-07-02</subfield>
    <subfield code="x">Ertu&#x11F;rul &#xC7;epni ba&#x11F;&#x131;&#x15F;&#x131;d&#x131;r.</subfield>
    <subfield code="y">BKS</subfield>
  </datafield>
  <datafield tag="999" ind1=" " ind2=" ">
    <subfield code="c">13381</subfield>
    <subfield code="d">13381</subfield>
  </datafield>
  <controlfield tag="003">MIRAKIL</controlfield>
  <controlfield tag="005">20190702120106.0</controlfield>
  <controlfield tag="008">                                        </controlfield>
  <datafield tag="020" ind1=" " ind2=" ">
    <subfield code="a">9786054274192</subfield>
  </datafield>
  <datafield tag="040" ind1=" " ind2=" ">
    <subfield code="c">TR-AnCHP</subfield>
    <subfield code="a">TR-AnCHP</subfield>
  </datafield>
  <datafield tag="041" ind1=" " ind2=" ">
    <subfield code="a">tur</subfield>
  </datafield>
  <datafield tag="082" ind1=" " ind2=" ">
    <subfield code="a">320.9561</subfield>
    <subfield code="b">T94y 2010</subfield>
  </datafield>
  <datafield tag="100" ind1="1" ind2=" ">
    <subfield code="a">T&#xFC;leylio&#x11F;lu, Orhan.</subfield>
  </datafield>
  <datafield tag="245" ind1="1" ind2="0">
    <subfield code="a">Y&#xFC;reklerimiz hala yang&#x131;n yeri :</subfield>
    <subfield code="b">Sivas 2 Temmuz 1993/</subfield>
    <subfield code="c"> Orhan T&#xFC;leylio&#x11F;lu.</subfield>
  </datafield>
  <datafield tag="260" ind1=" " ind2=" ">
    <subfield code="a">Ankara:</subfield>
    <subfield code="b">U&#x11F;ur Mumcu ara&#x15F;t&#x131;rmac&#x131; Gazetecilik Vakf&#x131;,</subfield>
    <subfield code="c">2010.</subfield>
  </datafield>
  <datafield tag="300" ind1=" " ind2=" ">
    <subfield code="a">582 s. :</subfield>
    <subfield code="b">fotg., </subfield>
    <subfield code="c">23 sm.</subfield>
  </datafield>
  <datafield tag="490" ind1="0" ind2=" ">
    <subfield code="a">Um:ag Vakf&#x131; yay&#x131;nlar&#x131; :</subfield>
    <subfield code="a">Ara&#x15F;t&#x131;rma dizisi:</subfield>
    <subfield code="v">125.</subfield>
    <subfield code="v">6.</subfield>
  </datafield>
  <datafield tag="650" ind1=" " ind2="0">
    <subfield code="a">&#x130;slam ve siyaset</subfield>
    <subfield code="x">T&#xFC;rkiye</subfield>
    <subfield code="9">5069</subfield>
  </datafield>
  <datafield tag="650" ind1=" " ind2="0">
    <subfield code="a">Siyasal su&#xE7;lar</subfield>
    <subfield code="x">Sivas katliam&#x131;</subfield>
    <subfield code="9">5863</subfield>
    <subfield code="y">1993</subfield>
  </datafield>
  <datafield tag="651" ind1=" " ind2="0">
    <subfield code="9">5865</subfield>
    <subfield code="a">Sivas, T&#xFC;rkiye</subfield>
    <subfield code="x">Toplumsal olaylar</subfield>
    <subfield code="y">1993</subfield>
  </datafield>
  <datafield tag="740" ind1=" " ind2=" ">
    <subfield code="a">Mad&#x131;mak Oteli</subfield>
  </datafield>
  <datafield tag="942" ind1=" " ind2=" ">
    <subfield code="2">ddc</subfield>
    <subfield code="c">BKS</subfield>
  </datafield>
</record>
